00587 2200181 4500001002100000005001500021035002000036007000300056008004100059082001000100084001800110100002500128245014800153260004500301300002900346600001500375856001500390INLIS00000000000905820260426095906 a0010-0426000003ta260426 0  a630.7 aR 630.7 JUN p0 aJunaedi / 20542010071 aPengaruh Faktor Sosial Ekonomi terhadap Pendapatan Petani Jagung di Desa Tellumpanuae Kecamatan Mallawa Kabupaten Maros /cJunaedi / 2054201007 aMaros :bUniversitas Muslim Maros,c2024 a67 hlm :bIlusi ;c29 cm 4aagribisnis aFapertahut